Variance-minimizing monetary policies with lagged price adjustment and rational expectations (Registro nro. 27062)
[ vista simple ]
| 000 -LEADER | |
|---|---|
| fixed length control field | 00416 a2200121 4500 |
| 001 - CONTROL NUMBER | |
| control field | ART_21186 |
| 005 - DATE AND TIME OF LATEST TRANSACTION | |
| control field | 20260410161914.0 |
| 008 - FIXED-LENGTH DATA ELEMENTS--GENERAL INFORMATION | |
| fixed length control field | 260409a |
| 100 1# - MAIN ENTRY--PERSONAL NAME | |
| Personal name | Green, Jerry R. |
| 245 10 - TITLE STATEMENT | |
| Title | Variance-minimizing monetary policies with lagged price adjustment and rational expectations |
| 700 1# - ADDED ENTRY--PERSONAL NAME | |
| Personal name | Honkapohja, Seppo |
| 773 0# - HOST ITEM ENTRY | |
| Title | European economic review |
| Related parts | - Vol. 20, Nº1/3 (ene. 1983) |
| Record control number | REV13346 |
No hay ítems disponibles.